Turbulence in porous media: modeling and applications (Record no. 196698)
[ view plain ]
| 000 -LEADER | |
|---|---|
| fixed length control field | 00537nam a2200205Ia 4500 |
| 003 - CONTROL NUMBER IDENTIFIER | |
| control field | OSt |
| 005 - DATE AND TIME OF LATEST TRANSACTION | |
| control field | 20250204153911.0 |
| 008 - FIXED-LENGTH DATA ELEMENTS--GENERAL INFORMATION | |
| fixed length control field | 231217s9999 xx 000 0 und d |
| 020 ## - INTERNATIONAL STANDARD BOOK NUMBER | |
| International Standard Book Number | 9780080982410 |
| 040 ## - CATALOGING SOURCE | |
| Transcribing agency | 0 |
| 041 ## - LANGUAGE CODE | |
| Language code of text/sound track or separate title | English |
| 082 ## - DEWEY DECIMAL CLASSIFICATION NUMBER | |
| Classification number | 532.546 LEM;1 R |
| 100 ## - MAIN ENTRY--PERSONAL NAME | |
| Personal name | Lemos, Marcelo J.S. de. |
| 245 #0 - TITLE STATEMENT | |
| Title | Turbulence in porous media: modeling and applications |
| 250 ## - EDITION STATEMENT | |
| Edition statement | 2nd ed. |
| 260 ## - PUBLICATION, DISTRIBUTION, ETC. | |
| Date of publication, distribution, etc. | 2012 |
| Name of publisher, distributor, etc. | Elsevier |
| Place of publication, distribution, etc. | Londan |
| 300 ## - PHYSICAL DESCRIPTION | |
| Extent | xxxviii, 371 |
| 650 ## - SUBJECT ADDED ENTRY--TOPICAL TERM | |
| Topical term or geographic name entry element | Turbulence,porous,media:,modeling |
| 942 ## - ADDED ENTRY ELEMENTS (KOHA) | |
| Koha item type | Books |
| Source of classification or shelving scheme | Dewey Decimal Classification |
| Date last seen | Total checkouts | Full call number | Accession number | Cost, total (INR) price | Price effective from | Category | Lost status | Damaged status | Department | Withdrawn status | Home library | Current library | Shelving location | Entry date | Vendor | Cost, normal purchase price | Grants | Billnumber | Currency symbol | Conversion rate | Discount | Old discount |
|---|---|---|---|---|---|---|---|---|---|---|---|---|---|---|---|---|---|---|---|---|---|---|
| 26/01/2024 | 532.546 LEM;1 R | 89437 | 9389.25 | 26/01/2024 | Books | Central Library | Central Library | Central Library | Central Library | 29/09/2014 | Surya Infotainment Products Pvt. Ltd. | 225.00 | ME | SIPHO/2014/CRB/478 | USD | 64.2 | 78.75 | 35 |
